00548nam a22001577a 45000050016000000200023000160350013000390370013000521000024000652450039000892600058001283000022001869420027002089990017002359520138002522012022903523.0 a818435004Xc850.00 aB-217034 aDPLbENG aYadav, K. P.943238 aMedia management /cby K. P. Yadav aNew DelhibAdhyayan Publishers and Distributorsc2006 av, 368p.c20 cms. 2ddccENh070.1065mYAD c63613d63613 001040708NFICaZLSbZLSd2012-02-29g850.00l1m1o070.1065 YADpB-217034r2019-03-14 00:00:00s2019-02-20v850.00w2012-02-29yEN